Statistics for a Tower Blitz quiz

Click here to take the quiz!

General Stats

  • This quiz has been taken 53 times
  • The average score is 13 of 22

Answer Stats

HintAnswer% Correct
The first unlockable tower in the game.Slinger
94%
The troop who wields a Crossbow.Crossbower
74%
The troop who sells hotdogs or ice cream and makes cash 2 times each wave. (In base level)Market
74%
The troop who uses a rifle.Sharpshooter
71%
The only SUPPORT troop in the game.Bugler
65%
The SECOND version of that tower.Conscript
65%
The troop who freezes enemies.Freezer
65%
Can be obtained through a contract or from the Cold Construct 2021 event.Lightbeamer
65%
This troop wears a cowboy hat and uses a Double-Barreled shotgun.Gunslinger
61%
The tower that has an ability which spawns in a spaceship, and deals insane damage.Recon Base
61%
The troop that wields a Minigun, and is decribed as a "Jack-of-all-trades" in the store.Vulcan
61%
Can be obtained through a contract, and looks like an astronaut.Elite
58%
Can be obtained through a contract, makes sentries, and also looks like the Engineer from TF2.Mechanic
58%
The ONLY melee tower in the game, and who versed Dream in a Minecraft PVP battle.Techblade
58%
The troop who places traps on the path.Trapper
58%
Can be obtained through a contract, and generates cash every wave.Businessman
55%
The first troop who damages enemies with explosives.Demolitionist
55%
The troop that has very long range and also uses a rifle.Sniper
55%
The troop who uses an electric railgun, has insanely long range, and deals burst damage.Electricizer
45%
The FIRST EVER version of that tower.Delinquent
42%
The ONLY unreleased tower in the game.Magician
42%
The FIRST version of the troop above.Mounted Minigun
39%

Score Distribution

Percentile by Number Answered

Percent of People with Each Score

Your Score History

You have not taken this quiz